000 02468nam a2200493 c 4500
003 BLK
005 20250512170933.0
008 180408b bul|||||r ||||||| ||bul||
010 _aKNG00082640000
020 _a978-954-8517-43-0
040 _aBLK
041 _aBUL
_cBUL
080 _aОръжие. Въоръжение. Артилерийско-техн. въоръжение. БТР. Стрелково оръжие. Боеприпаси и БОВ. Управляеми и неупр. ракети
_b623.4
_x(091)
_z623.4(091)
080 _aВоенно дело. Военни науки. Народна отбрана. Въоръжени сили
_b355/359
_x(100)(091)
_z355/359(100)(091)
080 _aИстория на Втората световна война (1939-1945)
_b940.53
_z940.53
100 1 _aБийтън, Марк
_eпърви автор
_939011
139 _aБийтън, Марк и др.
_bБ 44
245 1 0 _aОръжия на възмездието
_bПещерата на Аладин ; Top Secret
_cМарк Бийтън; съавт. Джон Пониатоф; * Mark Beaten; * John Poniatoff; прев. от англ. Рая Йотова.
257 _aUSA
260 _bICON
_c2007
300 _a432 с.
_bсъс сн.
_c24 см
380 _a3
490 1 _aСветовните конспирации
500 _aОриг. загл. Wonder Weapons / Mark Beaten, John Poniatoff. - Съдържа и Индекс. Авт. са означени на гърба на загл. с. - Съдържа Пещерата на Аладин ; Top secret ISBN 978-954-8517-43-0 Военно-въздушни сили история Самолети, военни
650 4 _aОръжия
_9165245
650 4 _aВойна
_9151195
650 4 _aВоенна техника
_9262428
653 _aвъоръжение
653 _aоръжие
653 _aвойни
653 _aвоенна техника
700 1 _aПониатоф, Джон
_eсъавт.
_9111531
700 1 _aBeaten, Mark
_e*
_94725
700 1 _aPoniatoff, John
_e*
_921482
700 1 _aЙотова, Рая
_eпрев. от англ.
_9366548
852 _aЦб 320050
_bЦб
856 4 _qpdf
856 4 _qpdf
942 _cKNG
_n0
_03
944 _aCR
_c25.03.2008
_lЦветелина Шанова
_k30531
944 _aED
_c06.07.2015
_lф /
_kЛюдмила_Стоянова
944 _aED
_kМ.Я.
999 _c78175
_d78175
999 _d78175